Country to Capital #1 - Statistics

General Stats
  • This quiz has been taken 16 times
    2 since last reset
  • The average score is 11 of 15
Answer Stats
Question Answer % Correct
Ghana Accra
100%
Mali Bamako
100%
Australia Canberra
100%
Bolivia La Paz
100%
Chad N'Djamena
100%
Cambodia Phnom Penh
100%
Antigua St Johns
100%
Nauru Yaren
100%
Kazakhstan Astana
50%
St Kitts Basseterre
50%
Rwanda Kigali
50%
Gabon Libreville
50%
Nicaragua Managua
50%
Comoros Moroni
50%
Mozambique Maputo
0%
No matching quizzes found
Score Distribution
Percent of People with Each Score
Percentile by Number Answered
Your Score History
You have not taken this quiz since the last reset